| 000 | 01028nma a22002177a 4500 | ||
|---|---|---|---|
| 005 | 20210325212428.0 | ||
| 006 | g q || | ||
| 008 | s2555 th tha d | ||
| 041 | _atha | ||
| 090 | _aCD2271 | ||
| 245 | 1 | 0 | _aมาตรฐานวิชาชีพและคุณวุฒิวิชาชีพ กลุ่มวิชาชีพโรงแรมและภัตตาคาร [CD-ROM] |
| 260 | 3 |
_aกรุงเทพฯ : _bสำนักงานเลขาธิการสภาการศึกษา, _c2555 |
|
| 300 |
_a1 แผ่น : _b Sd., Col. |
||
| 610 | _aสำนักงานเลขาธิการสภาการศึกษา | ||
| 650 | 0 | 4 | _aมาตรฐานการทำงาน |
| 650 | 0 | 4 | _aโรงแรม |
| 850 | _aNALT | ||
| 942 | _cCD | ||
| 997 |
_c000000000071401 _kVC |
||
| 998 | _aนายนายสมเกียรติ หะรังศรี | ||
| 999 |
_c71401 _d71401 |
||